MARC

LEADER 00000nam0a2200000 4500
001 264108
005 20231101233812.0
020 |a RU  |b 88-35602 
035 |a (RuTPU)RU\TPU\book\287099 
090 |a 264108 
100 |a 20140616d1987 m y0rusy5003 ca 
101 0 |a rus 
102 |a RU 
105 |a a j 001zy 
200 1 |a Статистический подход к описанию макроскопических систем  |f Б. В. Алексеев  |g Московский институт химического машиностроения 
210 |a Москва  |c Изд-во МИХМ  |d 1987 
215 |a 103,[1] с.  |c ил. 
300 |a На обл. авт. не указан. 
320 |a Библиогр.: с. 103. 
606 1 |a Термодинамика статистическая  |2 stltpush  |3 (RuTPU)RU\TPU\subj\59927  |9 77420 
606 1 |a Статистическая физика  |2 stltpush  |3 (RuTPU)RU\TPU\subj\27931  |9 51579 
610 1 |a статистическая механика 
610 1 |a молекулярная динамика 
610 1 |a сечение 
610 1 |a термодинамические величины 
610 1 |a газы 
610 1 |a кинетическая теория 
610 1 |a кинетические уравнения 
610 1 |a учебные пособия 
675 |a 536.75(075.8)  |z rus  |v 3 
675 |a 531.19(075.8)  |z rus  |v 3 
700 1 |a Алексеев  |b Б. В.  |g Борис Владимирович  |4 070 
712 0 2 |a Московский институт химического машиностроения  |2 stltpush  |3 (RuTPU)RU\TPU\col\7881 
801 0 |a RU  |b RuMRKP  |c 19950417  |g psbo 
801 1 |a RU  |b 63413507  |c 20140616 
801 2 |a RU  |b 63413507  |c 20150219  |g RCR 
942 |c BK